01133nam a2200193 i 4500001000700000003000900007005001700016008004100033040002000074100003900094245048200133260006900615300005500684650003400739700001900773700001900792740003200811852009600843162000ES-MaACL20250830020105.0931025s1757 be |||| | lat d aCYL bspa cPAB0 aPetrus Lombardus (dca. 1095-1160)10aPetri Lombardi novariensis Episcopi parisiensis, Sententiarum libri quatuor ... / cper Ioannem Aleaume ... ; nunc primùm vere restituti & indicibus, ac numeris authorum libros & capita monstrantibus quam fidelissimè absoluti ; ad calcem operis subjiciuntur articuli erronei ... , atque ab eorum assertoribus recantati, adiectis nonnullis ipsius magistri, in quibus communiter non approbatur ; accessit etiam recens tabula in primum sententiarum librum F. Roberti Wiarti... aAntuerpiae : bsumptibus Marci-Michael Bousquet & Socii, c1757. aXXXVIII, [2] en bl., 685 p., [1] h. pleg. ; c4º.07aTeología dogmática2embne1 aAleaume, Jean.1 aWiart, Robert.01aSententiarum libri quatuor. aES-MaACLjR-265 z-- Enc. piel con hierros z-- Legado M. de la Fuente x OLIM: C-2863